000 00610nam a2200217Ia 4500
005 20241129115917.0
008 241129s9999||||xx |||||||||||||| ||und||
020 _a9783030579050
037 _aTB
040 _aSDCL
_beng
_cSDCL
041 _aeng
_2eng
084 _aB280bD6,8(B), R1
_qSDCL
100 _aHaslwanter Thomas
_9462646
245 0 _aHands-on signal analysis with python : An introduction
260 _aCham
_bSpringer
_c2021
300 _axvi,267p.
365 _aEUR
_b54.99
650 _aElectronic Science
942 _cTB
_hB280bD6,8(B), R1
999 _c1232539
_d1232539